[Event "ruy lopez (1.e4 e5 2.Nf3 Nc6 3.Bb5 a6 4.Ba4)"]
[Site "SchemingMind.com"]
[Date "2005.02.14"]
[Round "-"]
[White "QueenAmyitis"]
[Black "refutor"]
[Result "0-1"]
[WhiteCountry "GBR"]
[BlackCountry "CAN"]
[WhiteElo "1318"]
[WhiteRD "115"]
[BlackElo "1398"]
[BlackRD "75"]
[GameID "8752"]

1. e4 e5 2. Nf3 Nc6 3. Bb5 a6 4. Ba4 Nf6 5. O-O Be7 6. Re1 b5 7. Bb3 d6 8. c3 O-O 9. h3 Na5 10. Bc2 c5
11. d4 Qc7 12. Nbd2 cxd4 13. cxd4 Nc6 14. Nb3 Bb7 15. Bg5 h6 16. Bh4 Rac8 17. a3 Nxd4 18. Nfxd4 exd4 19. Rc1 Qb6 20. Nxd4 Rfe8
21. Qd3 Bxe4 22. Rxe4 Nxe4 23. Qxe4 Bxh4 24. Qxh4 Rc4 25. Rd1 Re2
0-1

[Event "ruy lopez (1.e4 e5 2.Nf3 Nc6 3.Bb5 a6 4.Ba4)"]
[Site "SchemingMind.com"]
[Date "2005.02.14"]
[Round "-"]
[White "refutor"]
[Black "QueenAmyitis"]
[Result "1/2-1/2"]
[WhiteCountry "CAN"]
[BlackCountry "GBR"]
[WhiteElo "1516"]
[WhiteRD "54"]
[BlackElo "1412"]
[BlackRD "118"]
[GameID "8753"]

1. e4 e5 2. Nf3 Nc6 3. Bb5 a6 4. Ba4 Nf6 5. O-O Be7 6. Re1 b5 7. Bb3 O-O 8. h3 d6 9. c3 Bb7 10. d4 Re8
11. Ng5 Rf8 12. Nf3 Re8 13. Ng5 Rf8 14. Nf3= Re8
1/2-1/2

[Event "ruy lopez (1.e4 e5 2.Nf3 Nc6 3.Bb5 a6 4.Ba4)"]
[Site "SchemingMind.com"]
[Date "2005.02.15"]
[Round "-"]
[White "neoliminal"]
[Black "refutor"]
[Result "1-0"]
[WhiteCountry "CRC"]
[BlackCountry "CAN"]
[WhiteElo "1399"]
[WhiteRD "93"]
[BlackElo "1516"]
[BlackRD "54"]
[GameID "8781"]

1. e4 e5 2. Nf3 Nc6 3. Bb5 a6 4. Ba4 Nf6 5. d3 b5 6. Bb3 Bc5 7. Bg5 h6 8. Bxf6 Qxf6 9. Nbd2 O-O 10. Qe2 d6
11. h4 Na5 12. Bd5 c6 13. g4 cxd5 14. g5 hxg5 15. hxg5 Qf4 16. O-O-O Bg4 17. Kb1 Bxf3 18. Nxf3 dxe4 19. dxe4 Nc6 20. Rh4 Nd4
21. Qd3 Qxf3 22. Rdh1 f5 23. g6
1-0

[Event "ruy lopez (1.e4 e5 2.Nf3 Nc6 3.Bb5 a6 4.Ba4)"]
[Site "SchemingMind.com"]
[Date "2005.02.15"]
[Round "-"]
[White "neoliminal"]
[Black "QueenAmyitis"]
[Result "1-0"]
[WhiteCountry "CRC"]
[BlackCountry "GBR"]
[WhiteElo "1417"]
[WhiteRD "75"]
[BlackElo "1333"]
[BlackRD "104"]
[GameID "8782"]

1. e4 e5 2. Nf3 Nc6 3. Bb5 a6 4. Ba4 Nf6 5. d3 d6 6. Bg5 Be7 7. Nc3 O-O 8. h4 h6 9. Nd5 hxg5 10. hxg5 Nxd5
11. Nxe5 Bxg5 12. Qh5 Bh6 13. Ng4 Bxg4 14. Qxg4 Qg5 15. Qxg5 Bxg5 16. exd5 Nd4 17. O-O b5 18. Bb3 a5 19. c3 Ne2+ 20. Kh2 a4
21. Bd1 Nf4 22. g3 Nxd3 23. Be2 Ne5 24. f4 Bxf4 25. Rxf4 Rfe8 26. Rh1
1-0

[Event "ruy lopez (1.e4 e5 2.Nf3 Nc6 3.Bb5 a6 4.Ba4)"]
[Site "SchemingMind.com"]
[Date "2005.02.15"]
[Round "-"]
[White "refutor"]
[Black "neoliminal"]
[Result "1-0"]
[WhiteCountry "CAN"]
[BlackCountry "CRC"]
[WhiteElo "1516"]
[WhiteRD "54"]
[BlackElo "1399"]
[BlackRD "93"]
[GameID "8783"]

1. e4 e5 2. Nf3 Nc6 3. Bb5 a6 4. Ba4 b5 5. Bb3 d6 6. O-O h5 7. d3 h4 8. Ng5 Be7 9. Nxf7 Qd7 10. Nxh8 Nd4
11. Qh5+
1-0

[Event "ruy lopez (1.e4 e5 2.Nf3 Nc6 3.Bb5 a6 4.Ba4)"]
[Site "SchemingMind.com"]
[Date "2005.02.15"]
[Round "-"]
[White "QueenAmyitis"]
[Black "neoliminal"]
[Result "1-0"]
[WhiteCountry "GBR"]
[BlackCountry "CRC"]
[WhiteElo "1412"]
[WhiteRD "118"]
[BlackElo "1399"]
[BlackRD "93"]
[GameID "8784"]

1. e4 e5 2. Nf3 Nc6 3. Bb5 a6 4. Ba4 b5 5. Bb3 Nf6 6. O-O h5 7. d4 exd4 8. Nxd4 Nxd4 9. Qxd4 Ng4 10. Qd5 Qf6
11. Qxa8 Kd8 12. Qd5 Bd6 13. g3 h4 14. Bg5 Qxg5 15. Qxg5+
1-0

[Event "ruy lopez (1.e4 e5 2.Nf3 Nc6 3.Bb5 a6 4.Ba4)"]
[Site "SchemingMind.com"]
[Date "2005.02.15"]
[Round "-"]
[White "Open Defence"]
[Black "refutor"]
[Result "1-0"]
[WhiteCountry "IND"]
[BlackCountry "CAN"]
[WhiteElo "1589"]
[WhiteRD "81"]
[BlackElo "1418"]
[BlackRD "62"]
[GameID "8785"]

1. e4 e5 2. Nf3 Nc6 3. Bb5 a6 4. Ba4 Nf6 5. O-O Be7 6. Re1 b5 7. Bb3 d6 8. c3 O-O 9. h3 Na5 10. Bc2 c5
11. d4 Qc7 12. Nbd2 cxd4 13. cxd4 Bb7 14. a3 Rac8 15. Bb1 Nc4 16. Nxc4 Qxc4 17. dxe5 Nxe4 18. Bxe4 Bxe4 19. exd6 Bxf3 20. Qxf3 Bf6
21. b3 Qc2 22. d7 Rcd8 23. Rb1 Qxb1 24. Bd2 Qg6 25. Bb4 Rxd7 26. Bxf8 Kxf8 27. Qc6 Rd8 28. Qc5+ Kg8 29. Qc6 h6 30. Qxa6 Bc3
31. Rc1 Qd3 32. a4 Be5 33. g4 Qxh3 34. Qc6 Qxg4+ 35. Kf1 bxa4 36. bxa4 Rd1+ 37. Rxd1 Qxd1+ 38. Kg2 Qg4+ 39. Kf1 Bf6 40. a5
1-0

[Event "ruy lopez (1.e4 e5 2.Nf3 Nc6 3.Bb5 a6 4.Ba4)"]
[Site "SchemingMind.com"]
[Date "2005.02.15"]
[Round "-"]
[White "Open Defence"]
[Black "neoliminal"]
[Result "1-0"]
[WhiteCountry "IND"]
[BlackCountry "CRC"]
[WhiteElo "1688"]
[WhiteRD "131"]
[BlackElo "1399"]
[BlackRD "93"]
[GameID "8786"]

1. e4 e5 2. Nf3 Nc6 3. Bb5 a6 4. Ba4 d6 5. d4 b5 6. Bb3 Nxd4 7. Nxd4 exd4 8. Qxd4 Be6 9. Bxe6 fxe6 10. Nc3 Nf6
11. Bg5 c5 12. Qe3 b4 13. Bxf6 Qxf6 14. Na4 Rb8 15. O-O g5 16. f4 g4 17. e5 Qf5 18. Rae1 d5 19. Nxc5 Qxc2 20. Nxe6 Be7
21. Rc1 Qxb2 22. Nc7+ Kf7 23. Nxd5 g3 24. e6+ Kg6 25. Nxe7+
1-0

[Event "ruy lopez (1.e4 e5 2.Nf3 Nc6 3.Bb5 a6 4.Ba4)"]
[Site "SchemingMind.com"]
[Date "2005.02.15"]
[Round "-"]
[White "Open Defence"]
[Black "QueenAmyitis"]
[Result "1-0"]
[WhiteCountry "IND"]
[BlackCountry "GBR"]
[WhiteElo "1540"]
[WhiteRD "89"]
[BlackElo "1333"]
[BlackRD "104"]
[GameID "8787"]

1. e4 e5 2. Nf3 Nc6 3. Bb5 a6 4. Ba4 Nf6 5. O-O Be7 6. Re1 b5 7. Bb3 O-O 8. a4 Bb7 9. c3 d5 10. exd5 Nxd5
11. axb5 axb5 12. Rxa8 Bxa8 13. d4 exd4 14. Nxd4 Nxd4 15. Qxd4 c5 16. Qd1 c4 17. Bc2 Bd6 18. Qh5 g6 19. Qh6 Qf6 20. Bg5 Qg7
21. Rd1 Qxh6 22. Bxh6 Rd8 23. Na3
1-0

[Event "ruy lopez (1.e4 e5 2.Nf3 Nc6 3.Bb5 a6 4.Ba4)"]
[Site "SchemingMind.com"]
[Date "2005.02.15"]
[Round "-"]
[White "refutor"]
[Black "Open Defence"]
[Result "1/2-1/2"]
[WhiteCountry "CAN"]
[BlackCountry "IND"]
[WhiteElo "1449"]
[WhiteRD "57"]
[BlackElo "1540"]
[BlackRD "89"]
[GameID "8788"]

1. e4 e5 2. Nf3 Nc6 3. Bb5 a6 4. Ba4 Nf6 5. O-O Be7 6. Re1 b5 7. Bb3 d6 8. h3 Na5 9. c3 O-O 10. Bc2 c5
11. d4 Nd7 12. Nbd2 Bb7 13. d5 Nc4 14. Nxc4 bxc4 15. Qe2 Nb6 16. Nd2 a5 17. Nxc4 Nxc4 18. Qxc4 Ba6 19. Qa4 Rb8 20. b3 Bb5
21. Qa3 c4 22. Be3 Qc7 23. Qb2 cxb3 24. axb3 a4 25. c4 axb3 26. Bxb3 Bxc4 27. Rec1 Qb7 28. Rxc4 Qxb3 29. Qxb3 Rxb3 30. Ra7 Re8
31. Rcc7 Kf8 32. Bg5 Rb1+ 33. Kh2 f6 34. Be3 Rbb8 35. Rd7 Rbd8 36. Rdb7=
1/2-1/2

[Event "ruy lopez (1.e4 e5 2.Nf3 Nc6 3.Bb5 a6 4.Ba4)"]
[Site "SchemingMind.com"]
[Date "2005.02.15"]
[Round "-"]
[White "neoliminal"]
[Black "Open Defence"]
[Result "0-1"]
[WhiteCountry "CRC"]
[BlackCountry "IND"]
[WhiteElo "1399"]
[WhiteRD "93"]
[BlackElo "1688"]
[BlackRD "131"]
[GameID "8789"]

1. e4 e5 2. Nf3 Nc6 3. Bb5 a6 4. Ba4 Nf6 5. d3 Be7 6. c3 b5 7. Bc2 Bb7 8. Be3 d5 9. Nbd2 d4 10. cxd4 exd4
11. Bf4 Nb4 12. a3 Nxc2+ 13. Qxc2 c5 14. b4 Rc8 15. bxc5 Rxc5 16. Qb3 Rc3 17. Qb2 Rxd3 18. Rc1 Bxa3 19. Qc2 Rc3 20. Qb1 Rxc1+
21. Qxc1 Bxc1 22. O-O Bxd2
0-1

[Event "ruy lopez (1.e4 e5 2.Nf3 Nc6 3.Bb5 a6 4.Ba4)"]
[Site "SchemingMind.com"]
[Date "2005.02.15"]
[Round "-"]
[White "QueenAmyitis"]
[Black "Open Defence"]
[Result "0-1"]
[WhiteCountry "GBR"]
[BlackCountry "IND"]
[WhiteElo "1412"]
[WhiteRD "118"]
[BlackElo "1688"]
[BlackRD "131"]
[GameID "8790"]

1. e4 e5 2. Nf3 Nc6 3. Bb5 a6 4. Ba4 Nf6 5. O-O Be7 6. Re1 b5 7. Bb3 d6 8. c3 O-O 9. d4 Na5 10. Bc2 Bg4
11. dxe5 Bxf3 12. Qxf3 dxe5 13. Qg3 Bd6 14. Bh6 Nh5 15. Bd1 Nxg3
0-1

[Event "ruy lopez (1.e4 e5 2.Nf3 Nc6 3.Bb5 a6 4.Ba4)"]
[Site "SchemingMind.com"]
[Date "2005.02.15"]
[Round "-"]
[White "Tex"]
[Black "refutor"]
[Result "1-0"]
[WhiteCountry "INT"]
[BlackCountry "CAN"]
[WhiteElo "1544"]
[WhiteRD "73"]
[BlackElo "1398"]
[BlackRD "68"]
[GameID "8827"]

1. e4 e5 2. Nf3 Nc6 3. Bb5 a6 4. Ba4 Nf6 5. O-O Be7 6. Re1 b5 7. Bb3 O-O 8. c3 d5 9. exd5 Nxd5 10. Nxe5 Nxe5
11. Rxe5 c6 12. d4 Bd6 13. Re1 Qh4 14. g3 Qh3 15. Re4 g5 16. Qf1 Qh5 17. Nd2 Bf5 18. f3 Bxe4 19. fxe4 Ne7 20. e5 Bc7
21. Ne4 Qg6 22. Bxg5 Nd5 23. Bxd5 cxd5 24. Nf6+ Kg7 25. Nxd5 Qxg5 26. Nxc7 Ra7 27. Nd5 Rd8 28. Nf4 Kh6 29. Qh3+ Kg7 30. e6 Re8
31. exf7
1-0

[Event "ruy lopez (1.e4 e5 2.Nf3 Nc6 3.Bb5 a6 4.Ba4)"]
[Site "SchemingMind.com"]
[Date "2005.02.15"]
[Round "-"]
[White "Tex"]
[Black "neoliminal"]
[Result "0-1"]
[WhiteCountry "INT"]
[BlackCountry "CRC"]
[WhiteElo "1595"]
[WhiteRD "66"]
[BlackElo "1399"]
[BlackRD "93"]
[GameID "8828"]

1. e4 e5 2. Nf3 Nc6 3. Bb5 a6 4. Ba4 Bc5 5. O-O h5 6. Bxc6 dxc6 7. Nxe5 Be6 8. Nd3 Bb6 9. Nf4 Nf6 10. Nxe6 fxe6
11. Nc3 Qd6 12. h3 Ng4 13. hxg4 hxg4 14. g3 Qxg3#
0-1

[Event "ruy lopez (1.e4 e5 2.Nf3 Nc6 3.Bb5 a6 4.Ba4)"]
[Site "SchemingMind.com"]
[Date "2005.02.15"]
[Round "-"]
[White "Tex"]
[Black "QueenAmyitis"]
[Result "1-0"]
[WhiteCountry "INT"]
[BlackCountry "GBR"]
[WhiteElo "1614"]
[WhiteRD "66"]
[BlackElo "1333"]
[BlackRD "104"]
[GameID "8829"]

1. e4 e5 2. Nf3 Nc6 3. Bb5 a6 4. Ba4 Nf6 5. O-O Be7 6. Re1 b5 7. Bb3 O-O 8. c3 d5 9. exd5 Nxd5 10. Nxe5 Nxe5
11. Rxe5 c6 12. d4 Bd6 13. Re1 Qh4 14. g3 Qh3 15. Re4 g5 16. Qf1
1-0

[Event "ruy lopez (1.e4 e5 2.Nf3 Nc6 3.Bb5 a6 4.Ba4)"]
[Site "SchemingMind.com"]
[Date "2005.02.16"]
[Round "-"]
[White "Tex"]
[Black "Open Defence"]
[Result "1/2-1/2"]
[WhiteCountry "INT"]
[BlackCountry "IND"]
[WhiteElo "1614"]
[WhiteRD "66"]
[BlackElo "1540"]
[BlackRD "89"]
[GameID "8830"]

1. e4 e5 2. Nf3 Nc6 3. Bb5 a6 4. Ba4 Nf6 5. O-O Be7 6. Re1 b5 7. Bb3 d6 8. c3 Na5 9. Bc2 O-O 10. h3 c5
11. d4 Nd7 12. Nbd2 Re8 13. d5 Nb7 14. a4 b4 15. cxb4 cxb4 16. Nc4 a5 17. Ne3 Nbc5 18. Nf5 Bf8 19. Nh2 Nf6 20. Bg5 Bxf5
21. Bxf6 Qxf6 22. exf5 Be7 23. Ng4 Qg5 24. Ne3 Rec8 25. Qg4 Qxg4 26. Nxg4 Nd7 27. Rac1 Nf6 28. Nxf6+ Bxf6 29. Be4 g6 30. fxg6= hxg6
31. Rc2 Rxc2 32. Bxc2 Rc8 33. Bb3 Bg5 34. Re2 Rc1+ 35. Kh2 f6 36. Rc2 Rxc2 37. Bxc2=
1/2-1/2

[Event "ruy lopez (1.e4 e5 2.Nf3 Nc6 3.Bb5 a6 4.Ba4)"]
[Site "SchemingMind.com"]
[Date "2005.02.15"]
[Round "-"]
[White "refutor"]
[Black "Tex"]
[Result "1/2-1/2"]
[WhiteCountry "CAN"]
[BlackCountry "INT"]
[WhiteElo "1516"]
[WhiteRD "54"]
[BlackElo "1595"]
[BlackRD "66"]
[GameID "8831"]

1. e4 e5 2. Nf3 Nc6 3. Bb5 a6 4. Ba4 Nf6 5. O-O Be7 6. Re1 b5 7. Bb3 O-O 8. h3 Bb7 9. c3 d6 10. d4 Re8
11. Ng5 Rf8 12. Nf3 Re8 13. Ng5 Rf8 14. Nf3=
1/2-1/2

[Event "ruy lopez (1.e4 e5 2.Nf3 Nc6 3.Bb5 a6 4.Ba4)"]
[Site "SchemingMind.com"]
[Date "2005.02.15"]
[Round "-"]
[White "neoliminal"]
[Black "Tex"]
[Result "0-1"]
[WhiteCountry "CRC"]
[BlackCountry "INT"]
[WhiteElo "1417"]
[WhiteRD "75"]
[BlackElo "1614"]
[BlackRD "66"]
[GameID "8832"]

1. e4 e5 2. Nf3 Nc6 3. Bb5 a6 4. Ba4 d6 5. c4 Bg4 6. d3 Ne7 7. Nc3 g6 8. h3 Bxf3 9. Qxf3 Bg7 10. Bb3 Nd4
11. Qg3 Nxb3 12. axb3 O-O 13. h4 Nc6 14. Be3 Nb4 15. h5 Nc2+ 16. Kd2 Nxa1 17. Rxa1 Qd7 18. h6 Bf6 19. Bg5 Bxg5+ 20. Qxg5 Qd8
21. Qg3 c6 22. f4 exf4 23. Qxf4 f5 24. e5 dxe5 25. Qxe5 Qg5+ 26. Qe3 Qxe3+ 27. Kxe3 Rfe8+ 28. Kd2 Re7 29. Na4 Rae8 30. Nb6 Re2+
31. Kc3 Rxg2
0-1

[Event "ruy lopez (1.e4 e5 2.Nf3 Nc6 3.Bb5 a6 4.Ba4)"]
[Site "SchemingMind.com"]
[Date "2005.02.15"]
[Round "-"]
[White "QueenAmyitis"]
[Black "Tex"]
[Result "0-1"]
[WhiteCountry "GBR"]
[BlackCountry "INT"]
[WhiteElo "1333"]
[WhiteRD "104"]
[BlackElo "1614"]
[BlackRD "66"]
[GameID "8833"]

1. e4 e5 2. Nf3 Nc6 3. Bb5 a6 4. Ba4 Nf6 5. O-O Be7 6. Re1 b5 7. Bb3 d6 8. h3 O-O 9. c3 Nb8 10. d4 Nbd7
11. Nbd2 Bb7 12. Bc2 Re8 13. a4 Bf8 14. Bd3 exd4 15. cxd4 b4
0-1

[Event "ruy lopez (1.e4 e5 2.Nf3 Nc6 3.Bb5 a6 4.Ba4)"]
[Site "SchemingMind.com"]
[Date "2005.02.15"]
[Round "-"]
[White "Open Defence"]
[Black "Tex"]
[Result "1-0"]
[WhiteCountry "IND"]
[BlackCountry "INT"]
[WhiteElo "1589"]
[WhiteRD "81"]
[BlackElo "1592"]
[BlackRD "71"]
[GameID "8834"]

1. e4 e5 2. Nf3 Nc6 3. Bb5 a6 4. Ba4 Nf6 5. O-O Be7 6. Re1 b5 7. Bb3 d6 8. c3 O-O 9. h3 Nd7 10. d4 Bf6
11. d5 Na5 12. Bc2 Nc4 13. Nbd2 Nxd2 14. Bxd2 Bb7 15. a4 Re8 16. b3 c5 17. Nh2 g6 18. Bh6 Bg7 19. Qd2 Qh4 20. Bxg7 Kxg7
21. Nf3 Qd8 22. Kh2 Nf6 23. Rh1 Qb6 24. Kg1 b4 25. cxb4 Qxb4 26. Kh2 Qxd2 27. Nxd2 a5 28. Nc4 Ra6 29. Bd3 Nd7 30. Be2 Rd8
31. Rhf1 Nb6 32. Nxe5 dxe5 33. Bxa6 Bxa6 34. Rfc1 c4 35. bxc4 Nxc4 36. f3 Rc8 37. Ra2 Nd6 38. Rc6 Rxc6 39. dxc6 Nc4 40. c7 Nb6
41. Rc2 Nxa4 42. c8=Q Bxc8 43. Rxc8
1-0

[Event "ruy lopez (1.e4 e5 2.Nf3 Nc6 3.Bb5 a6 4.Ba4)"]
[Site "SchemingMind.com"]
[Date "2005.02.15"]
[Round "-"]
[White "rabbit"]
[Black "refutor"]
[Result "1-0"]
[WhiteCountry "USA"]
[BlackCountry "CAN"]
[WhiteElo "1865"]
[WhiteRD "82"]
[BlackElo "1449"]
[BlackRD "57"]
[GameID "8836"]

1. e4 e5 2. Nf3 Nc6 3. Bb5 a6 4. Ba4 Nf6 5. O-O Be7 6. Qe2 b5 7. Bb3 O-O 8. Nc3 d6 9. d3 Bg4 10. Qe3 Bxf3
11. Qxf3 Nd4 12. Qd1 Nxb3 13. axb3 h6 14. Qf3 c5 15. Qg3 Nh5 16. Qh3 Nf4 17. Bxf4 exf4 18. Nd5 Bg5 19. Qf3 Re8 20. Rfe1 Qc8
21. Nb6 Qb7 22. Nxa8 Qxa8 23. e5 Qxf3 24. gxf3 dxe5 25. Rxa6 c4 26. bxc4 bxc4 27. d4
1-0

[Event "ruy lopez (1.e4 e5 2.Nf3 Nc6 3.Bb5 a6 4.Ba4)"]
[Site "SchemingMind.com"]
[Date "2005.02.15"]
[Round "-"]
[White "rabbit"]
[Black "neoliminal"]
[Result "1-0"]
[WhiteCountry "USA"]
[BlackCountry "CRC"]
[WhiteElo "1819"]
[WhiteRD "107"]
[BlackElo "1399"]
[BlackRD "93"]
[GameID "8837"]

1. e4 e5 2. Nf3 Nc6 3. Bb5 a6 4. Ba4 Nf6 5. O-O h5 6. Nc3 h4 7. d4 exd4 8. Nxd4 Nxd4 9. Qxd4 c6 10. e5 Nh5
11. Ne4 h3 12. Bg5 Be7 13. Nd6+ Bxd6 14. Bxd8 Kxd8 15. exd6 hxg2 16. Qb6+
1-0

[Event "ruy lopez (1.e4 e5 2.Nf3 Nc6 3.Bb5 a6 4.Ba4)"]
[Site "SchemingMind.com"]
[Date "2005.02.16"]
[Round "-"]
[White "rabbit"]
[Black "Tex"]
[Result "1-0"]
[WhiteCountry "USA"]
[BlackCountry "INT"]
[WhiteElo "1865"]
[WhiteRD "82"]
[BlackElo "1614"]
[BlackRD "66"]
[GameID "8838"]

1. e4 e5 2. Nf3 Nc6 3. Bb5 a6 4. Ba4 Nf6 5. O-O Nxe4 6. d4 b5 7. Bb3 d5 8. dxe5 Be6 9. a4 b4 10. a5 Nc5
11. Bg5 Be7 12. Bxe7 Qxe7 13. Bxd5 Bd7 14. Nd4 Nxd4 15. Bxa8 O-O 16. Qxd4 Rxa8 17. Qxb4 Qxe5 18. Re1 Qd6 19. Nc3 Ne6 20. Qxd6 cxd6
21. Rad1
1-0

[Event "ruy lopez (1.e4 e5 2.Nf3 Nc6 3.Bb5 a6 4.Ba4)"]
[Site "SchemingMind.com"]
[Date "2005.02.15"]
[Round "-"]
[White "rabbit"]
[Black "QueenAmyitis"]
[Result "1-0"]
[WhiteCountry "USA"]
[BlackCountry "GBR"]
[WhiteElo "1865"]
[WhiteRD "82"]
[BlackElo "1333"]
[BlackRD "104"]
[GameID "8839"]

1. e4 e5 2. Nf3 Nc6 3. Bb5 a6 4. Ba4 Nf6 5. O-O Bc5 6. Nxe5 Bxf2+ 7. Rxf2 Nxe5 8. d4 Neg4 9. Rf4 b5 10. Rxg4 Nxg4
11. Qxg4 bxa4 12. Qxg7 Rf8 13. Bh6 Qe7 14. Qxf8+ Qxf8 15. Bxf8 Kxf8 16. Nc3 Bb7 17. d5 Re8 18. Rd1 a3 19. bxa3 d6 20. Rb1 Bc8
21. Kf2 h5 22. Ke3 h4 23. Rf1 Re5 24. Rf4
1-0

[Event "ruy lopez (1.e4 e5 2.Nf3 Nc6 3.Bb5 a6 4.Ba4)"]
[Site "SchemingMind.com"]
[Date "2005.02.16"]
[Round "-"]
[White "rabbit"]
[Black "Open Defence"]
[Result "1-0"]
[WhiteCountry "USA"]
[BlackCountry "IND"]
[WhiteElo "1819"]
[WhiteRD "107"]
[BlackElo "1688"]
[BlackRD "131"]
[GameID "8840"]

1. e4 e5 2. Nf3 Nc6 3. Bb5 a6 4. Ba4 Nf6 5. Nc3 b5 6. Bb3 Be7 7. O-O Na5 8. Nxe5 Nxb3 9. axb3 b4 10. Nd5 Nxe4
11. Qf3 f6 12. Qh5+ g6 13. Nxg6
1-0

[Event "ruy lopez (1.e4 e5 2.Nf3 Nc6 3.Bb5 a6 4.Ba4)"]
[Site "SchemingMind.com"]
[Date "2005.02.16"]
[Round "-"]
[White "refutor"]
[Black "rabbit"]
[Result "0-1"]
[WhiteCountry "CAN"]
[BlackCountry "USA"]
[WhiteElo "1449"]
[WhiteRD "57"]
[BlackElo "1865"]
[BlackRD "82"]
[GameID "8841"]

1. e4 e5 2. Nf3 Nc6 3. Bb5 a6 4. Ba4 b5 5. Bb3 Nf6 6. O-O Bd6 7. Re1 Bb7 8. c3 O-O 9. d4 Qe7 10. Bg5 h6
11. Bh4 Rae8 12. Nbd2 exd4 13. e5 Nxe5 14. Nxe5 dxc3 15. bxc3 Bxe5 16. f4 Qc5+ 17. Bf2 Qc6 18. Nf3 Bxc3 19. Rxe8 Rxe8 20. Rc1 Ne4
21. Bxf7+ Kxf7 22. Ne5+ Rxe5 23. fxe5 Ng3
0-1

[Event "ruy lopez (1.e4 e5 2.Nf3 Nc6 3.Bb5 a6 4.Ba4)"]
[Site "SchemingMind.com"]
[Date "2005.02.16"]
[Round "-"]
[White "neoliminal"]
[Black "rabbit"]
[Result "0-1"]
[WhiteCountry "CRC"]
[BlackCountry "USA"]
[WhiteElo "1399"]
[WhiteRD "93"]
[BlackElo "1819"]
[BlackRD "107"]
[GameID "8842"]

1. e4 e5 2. Nf3 Nc6 3. Bb5 a6 4. Ba4 b5 5. Bb3 Nf6 6. Nc3 Bd6 7. h3 b4 8. Ne2 Nxe4 9. d3 Nc5 10. g4 Nxb3
11. cxb3 Bb7 12. Ng5 O-O 13. h4 Nd4 14. h5 Bxh1 15. Nxd4 exd4 16. Nxh7 Kxh7 17. Qd2 Re8+ 18. Kd1 Bf3+ 19. Kc2 Re2
0-1

[Event "ruy lopez (1.e4 e5 2.Nf3 Nc6 3.Bb5 a6 4.Ba4)"]
[Site "SchemingMind.com"]
[Date "2005.02.16"]
[Round "-"]
[White "Tex"]
[Black "rabbit"]
[Result "0-1"]
[WhiteCountry "INT"]
[BlackCountry "USA"]
[WhiteElo "1614"]
[WhiteRD "66"]
[BlackElo "1865"]
[BlackRD "82"]
[GameID "8843"]

1. e4 e5 2. Nf3 Nc6 3. Bb5 a6 4. Ba4 b5 5. Bb3 Nf6 6. O-O Nxe4 7. Re1 d5 8. d3 Nf6 9. Nxe5 Nxe5 10. Rxe5+ Be6
11. Qe2 Bd6 12. Rxe6+ fxe6 13. Qxe6+ Qe7 14. Qxe7+ Bxe7 15. Bg5 O-O-O 16. Nc3 Rhe8 17. Ne2 c5 18. c3 Ng4 19. Bxe7 Rxe7 20. Nf4 c4
21. dxc4 dxc4 22. Bc2 g6 23. h3 Nxf2 24. Kxf2 Rd2+ 25. Kg1 Rxc2 26. Rd1 Rxb2 27. Nd5 Ree2 28. Nb6+ Kb7
0-1

[Event "ruy lopez (1.e4 e5 2.Nf3 Nc6 3.Bb5 a6 4.Ba4)"]
[Site "SchemingMind.com"]
[Date "2005.02.16"]
[Round "-"]
[White "QueenAmyitis"]
[Black "rabbit"]
[Result "0-1"]
[WhiteCountry "GBR"]
[BlackCountry "USA"]
[WhiteElo "1412"]
[WhiteRD "118"]
[BlackElo "1819"]
[BlackRD "107"]
[GameID "8844"]

1. e4 e5 2. Nf3 Nc6 3. Bb5 a6 4. Ba4 b5 5. Bb3 Nf6 6. d4 exd4 7. Nxd4 Nxd4 8. Qxd4 c5 9. Qe3 c4 10. Bxc4 bxc4
11. O-O Bb7 12. Nc3 Qc7 13. f3 Bc5
0-1

[Event "ruy lopez (1.e4 e5 2.Nf3 Nc6 3.Bb5 a6 4.Ba4)"]
[Site "SchemingMind.com"]
[Date "2005.02.16"]
[Round "-"]
[White "Open Defence"]
[Black "rabbit"]
[Result "0-1"]
[WhiteCountry "IND"]
[BlackCountry "USA"]
[WhiteElo "1540"]
[WhiteRD "89"]
[BlackElo "1865"]
[BlackRD "82"]
[GameID "8845"]

1. e4 e5 2. Nf3 Nc6 3. Bb5 a6 4. Ba4 b5 5. Bb3 Nf6 6. O-O Bd6 7. Re1 O-O 8. c3 Re8 9. Ng5 Re7 10. d4 exd4
11. Bxf7+ Kf8 12. Bb3 h6 13. cxd4 hxg5 14. e5 Qe8 15. Bd2 Nxe5 16. dxe5 Rxe5 17. Rxe5 Qxe5 18. g3 Bb7 19. Qc2 Ng4 20. Bc3 Qc5
21. a3 Re8 22. h3 Qc6 23. Qf5+ Nf6 24. f3 Qb6+ 25. Kf1 Bxg3 26. Bb4+ d6 27. Qc2 Qe3 28. Nc3 Qxf3+ 29. Kg1 Qh1#
0-1